Resumen gráfico de la historia del arte.
| Main Author: | |
|---|---|
| Format: | Section = Libro |
| Language: | Undetermined Spanish |
| Published: |
México
Gustavo Gili
1985
|
| Edition: | 12a.ed. |
| Subjects: |
| LEADER | 00560nam a2200205Ia 4500 | ||
|---|---|---|---|
| 008 | 240829s9999 xx 000 0 und d | ||
| 020 | |a 968-6085-10-6 | ||
| 040 | |a BIBLIOTECA-RUSB/ 709 M111 | ||
| 041 | |a spa | ||
| 082 | |a 709 M111 | ||
| 100 | 1 | |a M.D.D. | |
| 245 | 1 | 0 | |a Resumen gráfico de la historia del arte. |
| 250 | |a 12a.ed. | ||
| 260 | |a México |b Gustavo Gili |c 1985 | ||
| 300 | |a 192 p. :il. | ||
| 650 | 7 | |a ESTUDIO HISTORICO Y GEOGRAFICO DE LAS BELLAS ARTE Y ARTES DECORATIVAS | |
| 650 | 7 | |b ARTES GRAFICAS | |
| 942 | |c BK |2 ddc | ||
| 991 | |a TEXTO | ||
| 999 | |c 4662 | ||